| 000 | 01133nam a2200277 i 4500 | ||
|---|---|---|---|
| 003 | DO-SdBNP | ||
| 005 | 20260317133323.0 | ||
| 006 | a||||gr|||| 00| 0 | ||
| 007 | ta | ||
| 008 | 231101t1999 dr ac||| |||| 00| 0 spa d | ||
| 040 |
_aDO-SdBNP _besp _cBNPHU _erda |
||
| 041 | _aspa | ||
| 082 | 4 |
_axxx _bJ61s _222 |
|
| 100 | 1 |
_aJiménez, Felucho _923276 _eautor |
|
| 245 |
_aSelección de discursos de la precampaña presidencial del PLD del año 1999. / _cFelucho Jiménez |
||
| 264 | S |
_aSanto Domingo : _bAmigo del Hogar, _c1999 |
|
| 300 |
_a215 páginas : _bIlustraciones, retrato ; _c23 cm. |
||
| 336 |
_2rdacontent _atexto _btxt |
||
| 337 |
_2rdamedia _asin mediación _bn |
||
| 338 |
_2rdacarrier _avolumen _bnc |
||
| 500 | _aIncluye datos biográficos del autor en las solapas de las cubiertas. | ||
| 505 |
_aPrólogo. _tEn Barahona.-- _tEn Azua.-- _tEn Dajabón.-- _tEn Baní.-- _tEn San Juan de la Maguana.-- _tEn Miami.-- _tEn Nagua.-- _tEn Cotuí.-- _tEn San Francisco de Macorís.-- _tEn la Vega.-- _tEn Monte Cristi.-- _tEn Higüey.-- _tEn Santiago. |
||
| 590 | _aInventariado 2023 / MF | ||
| 910 | _aMF | ||
| 942 |
_2ddc _cLBS1 |
||
| 999 |
_c55370 _d55370 |
||